[Event "Mittelfranken-chTB2a 1516"]
[Site "Mittelfranken"]
[Date "2016.04.17"]
[Round "9.6"]
[White "Sandner, Andreas"]
[Black "Ehmer, Marty"]
[Result "0-1"]
[WhiteElo "1858"]
[BlackElo "1680"]
[PlyCount "88"]
[EventDate "2015.10.18"]
[EventType "team-tourn"]
[EventRounds "9"]
[EventCountry "GER"]
[SourceTitle "EXT 2020"]
[Source "ChessBase"]
[SourceDate "2019.10.17"]
[SourceVersion "1"]
[SourceVersionDate "2019.10.17"]
[SourceQuality "1"]
[WhiteTeam "Bechhofen II"]
[BlackTeam "Nuernberg Sued SW IV"]
[WhiteTeamCountry "GER"]
[BlackTeamCountry "GER"]

1. e4 e6 2. d4 d5 3. Nc3 Nf6 4. e5 Nfd7 5. f4 c5 6. Nf3 Nc6 7. Be3 f6 8. Qd2 cxd4 9. Nxd4 Nb6 10. exf6 gxf6 11. Be2 h5 12. a3 e5 13. Nxc6 bxc6 14. fxe5 fxe5 15. Bg5 Be7 16. h4 Bg4 17. Bxg4 Nc4 18. Bxe7 Qxe7 19. Qg5 hxg4 20. Qg6+ Kd7 21. Qxg4+ Kc7 22. 0-0-0 Ne3 23. Qh3 Nxd1 24. Kxd1 Raf8 25. g4 Rf4 26. Qg3 Qf6 27. Rh3 Rf8 28. Ne2 Rf3 29. Qg2 Rxh3 30. Qxh3 Qf1+ 31. Qxf1 Rxf1+ 32. Kd2 Rh1 33. h5 Rh4 34. Ke3 Rxg4 35. Kf3 Rh4 36. Ng3 Kd7 37. Kg2 Ke6 38. Kf3 e4+ 39. Kg2 Ke5 40. Kf2 d4 41. Kg2 d3 42. cxd3 exd3 43. Kf2 Kf4 44. b4 Rh2+ 0-1

[Event "Mittelfranken-chTB2a 1516"]
[Site "Mittelfranken"]
[Date "2015.10.18"]
[Round "1.7"]
[White "Zeltner Pavlovic, Tobias"]
[Black "Ehmer, Marty"]
[Result "1/2-1/2"]
[WhiteElo "1637"]
[BlackElo "1680"]
[PlyCount "90"]
[EventDate "2015.10.18"]
[EventType "team-tourn"]
[EventRounds "9"]
[EventCountry "GER"]
[SourceTitle "EXT 2020"]
[Source "ChessBase"]
[SourceDate "2019.10.17"]
[SourceVersion "1"]
[SourceVersionDate "2019.10.17"]
[SourceQuality "1"]
[WhiteTeam "Herzogenaurach III"]
[BlackTeam "Nuernberg Sued SW IV"]
[WhiteTeamCountry "GER"]
[BlackTeamCountry "GER"]

1. d4 e6 2. c4 d5 3. Nc3 Nf6 4. Nf3 c5 5. cxd5 cxd4 6. Nxd4 Nxd5 7. Ndb5 Bb4 8. a3 Bxc3+ 9. Nxc3 0-0 10. Nxd5 Qxd5 11. Qxd5 exd5 12. b4 Nc6 13. Bb2 Bf5 14. Rd1 Rfd8 15. e3 Rac8 16. Be2 Bc2 17. Rd2 Ne7 18. 0-0 Bb3 19. Bg4 f5 20. Bf3 a5 21. bxa5 Rc5 22. Bd4 Rc4 23. Rb1 Ba4 24. g3 Rd7 25. Rb4 Nc6 26. Rxc4 dxc4 27. Bc3 Ne5 28. Rxd7 Nxf3+ 29. Kg2 Bxd7 30. Kxf3 g5 31. h4 Bc6+ 32. Ke2 g4 33. Kd2 Kf7 34. Bd4 Ke6 35. Kc3 Kd5 36. Kb4 Bd7 37. Kc3 Bb5 38. Kb4 Ba6 39. Kc3 Ke4 40. Kd2 Bb5 41. Bc3 Kf3 42. Ke1 h5 43. Bd4 Ba4 44. Bc3 Bc2 45. Bd4 Bb3 1/2-1/2

[Event "Mittelfranken Mitte-ch 1112"]
[Site "Zirndorf"]
[Date "2012.01.06"]
[Round "3"]
[White "Weissmann, Peter"]
[Black "Ehmer, Marty"]
[Result "1-0"]
[WhiteElo "1738"]
[BlackElo "1498"]
[PlyCount "67"]
[EventDate "2012.01.05"]
[EventType "swiss"]
[EventRounds "7"]
[EventCountry "GER"]
[SourceTitle "EXT 2015"]
[Source "ChessBase"]
[SourceDate "2014.11.20"]
[SourceVersion "1"]
[SourceVersionDate "2014.11.20"]
[SourceQuality "1"]

1. e4 e6 2. d4 d5 3. Nd2 c5 4. dxc5 Bxc5 5. Nb3 Bb6 6. exd5 Nf6 7. Bb5+ Bd7 8. Bxd7+ Qxd7 9. Nf3 0-0 10. 0-0 Qxd5 11. Bg5 Nbd7 12. Qe2 h6 13. Rad1 Qf5 14. Bh4 Rac8 15. c3 Nc5 16. Nbd4 Qh5 17. Bxf6 gxf6 18. Nb5 e5 19. Nd6 Rc7 20. Qc2 Rd8 21. Ne4 Rc6 22. Rxd8+ Bxd8 23. Nxc5 Rxc5 24. Re1 Bb6 25. Qe4 Rb5 26. b3 f5 27. Qh4 Qg6 28. Nxe5 Qe6 29. Nf3 Qd6 30. c4 Bd8 31. Re8+ Kg7 32. Rxd8 Qc6 33. Qg3+ Kf6 34. Rd6+ 1-0

[Event "Mittelfranken Mitte-ch 0910"]
[Site "Zirndorf"]
[Date "2010.01.06"]
[Round "4"]
[White "Ehmer, Marty"]
[Black "Leis, Stefan"]
[Result "0-1"]
[WhiteElo "1637"]
[BlackElo "1899"]
[PlyCount "50"]
[EventDate "2010.01.03"]
[EventType "swiss"]
[EventRounds "7"]
[EventCountry "GER"]
[SourceTitle "EXT 2015"]
[Source "ChessBase"]
[SourceDate "2014.11.20"]
[SourceVersion "1"]
[SourceVersionDate "2014.11.20"]
[SourceQuality "1"]

1. e4 c5 2. Nc3 Nc6 3. Nf3 d6 4. d4 cxd4 5. Nxd4 Nf6 6. Bc4 g6 7. Bg5 Bg7 8. Nxc6 bxc6 9. f4 Qa5 10. Qd2 0-0 11. Rb1 Rb8 12. h3 Re8 13. Bb3 Ba6 14. g4 Rb4 15. Kd1 Nxe4 16. Qe3 Nxc3+ 17. bxc3 Rxb3 18. Rxb3 Qd5+ 19. Kc1 Qxh1+ 20. Kb2 Bc4 21. Rb7 e5 22. Qxa7 exf4 23. Rb8 Qe1 24. Bxf4 Qxc3+ 25. Kb1 Qa1# 0-1

[Event "Mittelfranken Mitte-ch 0910"]
[Site "Zirndorf"]
[Date "2010.01.06"]
[Round "3"]
[White "Siegl, Melina"]
[Black "Ehmer, Marty"]
[Result "0-1"]
[WhiteElo "1348"]
[BlackElo "1637"]
[PlyCount "88"]
[EventDate "2010.01.03"]
[EventType "swiss"]
[EventRounds "7"]
[EventCountry "GER"]
[SourceTitle "EXT 2015"]
[Source "ChessBase"]
[SourceDate "2014.11.20"]
[SourceVersion "1"]
[SourceVersionDate "2014.11.20"]
[SourceQuality "1"]

1. e4 e6 2. d4 d5 3. exd5 exd5 4. Nf3 c5 5. Be3 Qb6 6. b3 Nc6 7. h3 Nf6 8. c4 Bf5 9. dxc5 Bxc5 10. Bxc5 Qxc5 11. Be2 0-0-0 12. Nbd2 Ne4 13. 0-0 Nc3 14. b4 Qxb4 15. Qb3 Nxe2+ 16. Kh1 dxc4 17. Nxc4 Qxb3 18. axb3 Rhe8 19. Rfe1 Kc7 20. Na5 Ned4 21. Nxd4 Rxe1+ 22. Rxe1 Rxd4 23. Nxc6 Kxc6 24. Rc1+ Kb6 25. g4 Be6 26. Kg2 Bxb3 27. Rb1 Rb4 28. Kg3 Kb5 29. f4 Bc4 30. Re1 Rb3+ 31. Kh4 a5 32. Re5+ Kb4 33. Re7 b5 34. g5 a4 35. f5 g6 36. Re5 a3 37. Kg4 a2 38. Re1 Rb1 39. fxg6 hxg6 40. Rxb1+ axb1Q 41. h4 Qe4+ 42. Kg3 Qe3+ 43. Kh2 Qf2+ 44. Kh3 Be6# 0-1

[Event "Mittelfranken Mitte-ch 0910"]
[Site "Zirndorf"]
[Date "2010.01.03"]
[Round "2"]
[White "Ehmer, Marty"]
[Black "Babichev, Vyacheslav"]
[Result "0-1"]
[WhiteElo "1637"]
[BlackElo "1771"]
[PlyCount "90"]
[EventDate "2010.01.03"]
[EventType "swiss"]
[EventRounds "7"]
[EventCountry "GER"]
[SourceTitle "EXT 2015"]
[Source "ChessBase"]
[SourceDate "2014.11.20"]
[SourceVersion "1"]
[SourceVersionDate "2014.11.20"]
[SourceQuality "1"]

1. e4 d6 2. d4 g6 3. Bc4 Nf6 4. Nc3 Bg7 5. f4 e6 6. Nf3 c6 7. e5 Nfd7 8. Be3 Nb6 9. Bb3 d5 10. a4 a5 11. 0-0 0-0 12. Qe1 Na6 13. Qh4 Qxh4 14. Nxh4 Nb4 15. Na2 Nxa2 16. Rxa2 Bd7 17. Rc1 Rfc8 18. c4 dxc4 19. Bxc4 Nxc4 20. Rxc4 Bf8 21. b3 Be7 22. Nf3 Bd8 23. g4 b5 24. Rc1 Rcb8 25. axb5 cxb5 26. Rca1 Bc6 27. Kf2 Bd5 28. Rb2 Rc8 29. g5 Rc3 30. Nd2 Rac8 31. Ke2 Bb6 32. b4 a4 33. Bf2 Rc1 34. Rbb1 R1c2 35. Kd1 Bf3+ 36. Ke1 Bg4 37. Ne4 Re2+ 38. Kf1 Rxe4 39. Rc1 Rxc1+ 40. Rxc1 Be2+ 41. Kg2 Bc4 42. Kf3 Rxd4 43. Bxd4 Bxd4 44. Ke4 Bb2 45. Rc2 a3 0-1

[Event "Mittelfranken Mitte-ch 0910"]
[Site "Zirndorf"]
[Date "2010.01.03"]
[Round "1"]
[White "Luther, Helmut"]
[Black "Ehmer, Marty"]
[Result "1-0"]
[WhiteElo "2005"]
[BlackElo "1637"]
[PlyCount "113"]
[EventDate "2010.01.03"]
[EventType "swiss"]
[EventRounds "7"]
[EventCountry "GER"]
[SourceTitle "EXT 2015"]
[Source "ChessBase"]
[SourceDate "2014.11.20"]
[SourceVersion "1"]
[SourceVersionDate "2014.11.20"]
[SourceQuality "1"]

1. d4 e6 2. Nf3 d5 3. c4 Nf6 4. Nc3 c5 5. cxd5 exd5 6. Bg5 Be6 7. e3 Nc6 8. Be2 cxd4 9. Nxd4 Be7 10. 0-0 a6 11. Rc1 h6 12. Nxe6 fxe6 13. Bxf6 Bxf6 14. Bh5+ Ke7 15. Qb3 b5 16. Nxb5 Qd7 17. Qa3+ Kd8 18. Nd6 Kc7 19. Nf7 Rhf8 20. e4 Rxf7 21. Bxf7 Qxf7 22. exd5 exd5 23. b4 Kb7 24. Qa4 Nd4 25. Kh1 Nb5 26. Qc2 Qd7 27. a4 Nc3 28. Qb3 Nxa4 29. Rfd1 Nb6 30. h3 Rd8 31. Rc2 d4 32. Qd3 Qb5 33. Qe4+ Qd5 34. Qd3 Re8 35. Ra1 Qb5 36. Qf3+ Qd5 37. Qa3 Ra8 38. Rc5 Qd6 39. Qf3+ Kb8 40. Rac1 Bd8 41. Rc6 Qd7 42. Qg3+ Kb7 43. Rd6 Qf7 44. Rxd4 Rc8 45. Rxc8 Kxc8 46. Qd3 Bc7 47. Qxa6+ Kb8 48. Re4 Qd7 49. Qe2 Qa4 50. g3 Nd5 51. Kg2 Kb7 52. Qf3 Qc6 53. Rd4 Nc3 54. Qxc6+ Kxc6 55. Rc4+ Kb5 56. Rxc3 Be5 57. Rc5+ 1-0

[Event "Mittelfranken Mitte-ch 0708"]
[Site "Zirndorf"]
[Date "2008.01.06"]
[Round "5"]
[White "Berntgen, Henri"]
[Black "Ehmer, Marty"]
[Result "1-0"]
[WhiteElo "1114"]
[BlackElo "1404"]
[PlyCount "105"]
[EventDate "2008.01.04"]
[EventType "swiss"]
[EventRounds "7"]
[EventCountry "GER"]
[SourceTitle "EXT 2015"]
[Source "ChessBase"]
[SourceDate "2014.11.20"]
[SourceVersion "1"]
[SourceVersionDate "2014.11.20"]
[SourceQuality "1"]

1. e4 e6 2. d4 d5 3. exd5 exd5 4. Nf3 Nc6 5. Be2 Nf6 6. Nc3 Bf5 7. a3 Bd6 8. 0-0 0-0 9. Bg5 h6 10. Bxf6 gxf6 11. Qd2 Kh7 12. Bd3 Bxd3 13. Qxd3+ Kg7 14. Nh4 Ne7 15. f4 Ng6 16. Nf5+ Kh7 17. Nxd6 Qxd6 18. Ne2 Rac8 19. Qd2 c5 20. c3 Rg8 21. Qc2 Kh8 22. Rf2 cxd4 23. Raf1 dxc3 24. Nxc3 d4 25. Qd2 Kh7 26. Ne4 Qb6 27. b4 Rce8 28. Qd3 Qe6 29. Ng3 Qe3 30. Qxe3 Rxe3 31. Nh5 Rd8 32. Rf3 Nh4 33. Rxe3 dxe3 34. Re1 Rd3 35. Nxf6+ Kg6 36. Ng4 Nf5 37. Ne5+ Kf6 38. Nxd3 Ke6 39. g4 Nd4 40. Rxe3+ Kf6 41. Ne5 Nc2 42. Rd3 Ke6 43. Nf3 Ke7 44. h4 b6 45. g5 hxg5 46. fxg5 a5 47. b5 Kf8 48. a4 Nb4 49. Rd8+ Kg7 50. h5 Na2 51. h6+ Kh7 52. Rd7 Kg8 53. Ne5 1-0